000 00307nam a22001337a 4500
008 250422b ||||| |||| 00| 0 eng d
041 _aeng
080 _21981
_a101BRU
082 _2101BRU
_a101BRU
100 _a42
101 _aFILOZOFI
245 _aASTROPHYSICAL COSMOLOGY
_cH.A.BRUCK
942 _2udc
_cBK
999 _c60687
_d60687